| 000 | 00473cam a2200181ua 4500 | ||
|---|---|---|---|
| 020 |
_a81-204-0499-8 _c575.00 |
||
| 041 |
_aeng _h |
||
| 082 |
_a662.88 _bCHA/FO |
||
| 100 | _aChahal, D S . | ||
| 245 |
_aFood feed and fuel from biomass / _cD S Chahal. _hTextual Documents |
||
| 250 |
_a1 / _b. |
||
| 260 |
_aNew Delhi : _bOxford & IBH Publishing company , _c1991. |
||
| 300 | _a467 ; . | ||
| 365 | _a575.00 | ||
| 504 | _a | ||
| 942 | _cBK | ||
| 999 |
_c10227 _d10227 |
||